000 01230nac a22003251i 4500
003 EG-ScBUE
005 20250527092501.0
008 250417t2003 caua f b 001 0 eng d
020 _a0124898513 (acid-free paper)
020 _a9780124898516
035 _a(DLC) 2002117796
040 _aEG-ScBUE
_beng
_erda
_cEG-ScBUE
_dEG-ScBUE
082 0 4 _a530.78
_bMEL
_222
100 1 _aMelissinos, Adrian C.,
_eauthor.
245 1 0 _aExperiments in modern physics /
_cAdrian C. Melissinos, University of Rochester, Jim Napolitano, Rensselaer Polytechnic Institute.
250 _aSecond edition.
264 1 _aSan Diego :
_bAcademic Press/Elsevier,
_c[2003]
264 4 _cc2003
300 _axviii, 527 pages :
_billustrations ;
_c24 cm
336 _2rdacontent
_atext
_btxt
337 _aunmediated
_2rdamedia
_bn
338 _avolume
_bnc
_2rdacarrier
504 _aIncludes bibliographical references and index.
650 7 _aPhysics
_xExperiments.
_2BUEsh
655 _vReading book
700 1 _aNapolitano, Jim,
_eauthor.
856 4 2 _3Publisher description
_uhttp://www.loc.gov/catdir/description/els031/2002117796.html
856 4 2 _3Table of contents
_uhttp://www.loc.gov/catdir/toc/els031/2002117796.html
942 _cNB
_2ddc
999 _c7934
_d7934